LEADER 02698oam 2200661I 450 001 9910451432503321 005 20200520144314.0 010 $a0-203-28423-2 010 $a1-134-77284-X 010 $a1-280-13788-6 010 $a9786610137886 010 $a0-203-43771-3 024 7 $a10.4324/9780203437711 035 $a(CKB)1000000000250362 035 $a(EBL)166891 035 $a(OCoLC)647378568 035 $a(SSID)ssj0000163652 035 $a(PQKBManifestationID)11154774 035 $a(PQKBTitleCode)TC0000163652 035 $a(PQKBWorkID)10117120 035 $a(PQKB)11390951 035 $a(MiAaPQ)EBC166891 035 $a(Au-PeEL)EBL166891 035 $a(CaPaEBR)ebr10058197 035 $a(CaONFJC)MIL13788 035 $a(OCoLC)52082187 035 $a(EXLCZ)991000000000250362 100 $a20180331d1996 uy 0 101 0 $aeng 135 $aur|n|---||||| 181 $ctxt 182 $cc 183 $acr 200 10$aGlobal warming and global politics /$fMatthew Paterson 210 1$aLondon ;$aNew York :$cRoutledge,$d1996. 215 $a1 online resource (253 p.) 225 1 $aEnvironmental politics 300 $aDescription based upon print version of record. 311 $a0-415-13872-8 311 $a0-415-13871-X 320 $aIncludes bibliographical references (p. [204]-223) and index. 327 $aCover; Global Warming and Global Politics; Copyright; Contents; Illustrations; Series editors' preface; Acknowledgements; List of Abbreviations; Chapter 1 Introduction; Chapter 2 The historical development of climate on the international agenda; Chapter 3 Before and after Rio: Interstate negotiations; Chapter 4 The politics behind the negotiations; Chapter 5 Anarchy, the state and power; Chapter 6 Cooperation and institutions; Chapter 7 Science, politics and global warming; Chapter 8 A political economy of global warming; Chapter 9 Conclusions; Notes; Bibliography; Index 330 $aExamines the major theories within international relations, and how these can help us understand the emergence of global warming as a political issue. 410 0$aEnvironmental politics. 606 $aGlobal warming$xPolitical aspects 606 $aEnvironmental policy$xInternational cooperation 608 $aElectronic books. 615 0$aGlobal warming$xPolitical aspects. 615 0$aEnvironmental policy$xInternational cooperation. 676 $a363.73/87 700 $aPaterson$b Matthew$f1967,$0982796 801 0$bMiAaPQ 801 1$bMiAaPQ 801 2$bMiAaPQ 906 $aBOOK 912 $a9910451432503321 996 $aGlobal warming and global politics$92242837 997 $aUNINA LEADER 02025nas 22005415- 450 001 9910321053203321 005 20230124181455.0 035 $a(CKB)991042734544304 035 $a(CONSER)cn-77318465- 035 $a(EXLCZ)99991042734544304 100 $a20770818a19689999 --- b 101 0 $afre 200 03$aLe Spectre 210 $aMontréal$cAssociation pour l'enseignement de la science et de la technologie au Québec 215 $a1 online resource 300 $aComporte des livr. spéciales intitulées: Sciences en jeux; et: Fonds du prix annuel de l'APSQ. 300 $a"Pour l'avancement de l'enseignement de la science et de la technologie". 311 $aPrint version: Le Spectre. (DLC)cn 77318465 (OCoLC)1080354828 0700-852X 517 0 $aBulletin pédagogique 517 3 $aLivrélus 517 3 $aSciences en jeux 517 3 $aFonds du prix annuel de l'APSQ 531 0 $aSpectre 606 $aScience$xStudy and teaching 606 $aScience$xStudy and teaching$zQuébec (Province)$vPeriodicals 606 $aSciences$xÉtude et enseignement$zQuébec (Province)$vPériodiques 606 $aSciences$xÉtude et enseignement 606 $aScience$xStudy and teaching$2fast$3(OCoLC)fst01108387 608 $aserials (publications)$2aat 608 $aSerial publications.$2lcgft 608 $aPublications en série.$2rvmgf 610 $aENSEIGNEMENT 610 $aQUEBEC 610 $aSCIENCE 615 0$aScience$xStudy and teaching. 615 0$aScience$xStudy and teaching 615 6$aSciences$xÉtude et enseignement 615 6$aSciences$xÉtude et enseignement. 615 7$aScience$xStudy and teaching. 676 $a507 686 $acci1icc$2lacc 712 02$aAssociation des professeurs de sciences du Québec. 712 02$aAssociation pour l'enseignement de la science et de la technologie au Québec. 906 $aJOURNAL 912 $a9910321053203321 920 $aexl_impl conversion 996 $aLe Spectre$92080188 997 $aUNINA